000 00685nam a2200289Ia 4500
005 20260324140448.0
008 008 260324s9999 xx 000 0 eng d
020 _a9780080517643
037 _aEBOOK
040 _aCRL
040 _beng
040 _cCRL
041 _2eng
041 _aeng
084 _qCRL
100 _aFrancis Reid
_91194778
245 0 _aStages for Tomorrow
245 0 _bHousing, funding and marketing live performances
260 _bTaylor and Francis
260 _c1998
365 _a
365 _b195
856 _uhttp://www.taylorfrancis.com/books/9780080517643
942 _cEBOOK
999 _c1806605
_d1806605